000 00864nam a22002537a 4500
005 20240530110403.0
008 150127s2012 ua f 000 0dara d
040 _aEG-CaGPL
041 0 _aara
082 0 4 _221
_a613.2\
_bع ت
100 0 _aعبدالرحمن العيسوى
245 1 2 _aالتغذية و الحالة النفسية /
_cعبدالرحمن العيسوى
260 _aالاسكندرية :
_bدار المعرفة الجامعية ،
_c2012
300 _a208 ص ؛
_c24 سم
650 0 4 _aالتغذية
650 0 4 _aالسرطان
_xالعلاج
650 0 4 _aالسرطان
_xوقاية
650 0 4 _aالسرطان ( امراض )
650 0 4 _aالبدانة
650 0 4 _aسوء التغذية
650 0 4 _aالتغذية
_xالجوانب النفسية
942 _2ddc
_cBK
999 _c60308
_d60308